EQ : Membentuk kecerdasan emosi kanak-kanak melalui kesusasteraan kanak-kanak

Bibliographic Details
Main Author: Suhaimi Abdul Aiz
Format: Book
Published: Pulau Pinang : Penerbit USM , 1999
Subjects:

MARC

LEADER 00000cam a2200000 7i4500
001 0000012042
005 20050415.0
020 |a 9838611743 
040 |a INS 
090 0 0 |a BF431   |b 1997 
100 1 |a Suhaimi Abdul Aiz 
245 1 0 |a EQ :   |b Membentuk kecerdasan emosi kanak-kanak melalui kesusasteraan kanak-kanak   |c Suhaimi Abdul Aiz 
260 |a Pulau Pinang :   |b Penerbit USM ,   |c 1999 
300 |a viii :   |b 102p ;   |c 24cm. 
650 0 0 |a Children   |x intelligence testing 
650 0 0 |a Emotions in children 
999 |a 0000012599   |b BOOK   |c Open Shelf   |e Default branch